000 00397nam a2200133Ia 4500
005 20260328101452.0
008 260328s9999||||xx |||||||||||||| ||und||
100 _aRamírez, Juan Antonio
245 0 _aEdificios-cuerpo :
_b Cuerpo Humano y Arquitectura, analogía, metáfor y derivaciones /
_cJuan Antonio Ramírez
260 _bSiruela
300 _a104 p.
650 _aARQUITECTURA
942 _cBK
999 _c8717
_d8717